| 000 | 00398pab a2200157 454500 | ||
|---|---|---|---|
| 008 | 180718b2002 xxu||||| |||| 00| 0 eng d | ||
| 100 | _aSikka, Pawan | ||
| 245 | _aTechnology management education in India | ||
| 260 | _c2002 | ||
| 300 | _ap.6-9. | ||
| 362 | _a16 Sep | ||
| 650 | _aEngineering education - India | ||
| 650 | _aEngineering education | ||
| 773 | _aUniversity News | ||
| 909 | _a53791 | ||
| 999 |
_c53791 _d53791 |
||